Bienvenido a nuestro catálago, Biblioteca Universidad Monteávila

¿Expropiaciones o vías de hecho? (Registro nro. 13328)

Detalles MARC
000 -CABECERA
campo de control de longitud fija 02048nam a2200241 4500
003 - IDENTIFICADOR DEL NÚMERO DE CONTROL
campo de control vecauma
005 - FECHA Y HORA DE LA ÚLTIMA TRANSACCIÓN
campo de control 20260408200708.0
007 - CAMPO FIJO DE DESCRIPCIÓN FÍSICA--INFORMACIÓN GENERAL
campo de control de longitud fija ta
008 - DATOS DE LONGITUD FIJA--INFORMACIÓN GENERAL
campo de control de longitud fija 260408b ve ||||| |||| 00| 0 spa d
020 ## - ISBN
Número Internacional Estándar del Libro 9789806913462
040 ## - FUENTE DE LA CATALOGACIÓN
Centro catalogador/agencia de origen vecauma
Lengua de catalogación spa
Centro/agencia transcriptor vecauma
Centro/agencia modificador vecauma
Normas de descripción rda
041 ## - CÓDIGO DE LENGUA
Código de lengua del recurso spa
100 1# - AUTOR PERSONAL
Término indicativo de función/relación autor
245 1# - MENCIÓN DE TÍTULO
Título ¿Expropiaciones o vías de hecho?
Mención de responsabilidad, etc. / Antonio Canova González, Luis Alfonso Herrera Orellana, Karina Anzola Spadaro
264 ## - PRODUCCIÓN, PUBLICACIÓN, DISTRIBUCIÓN, FABRICACIÓN Y COPYRIGHT
Producción, publicación, distribución, fabricación y copyright Caracas:
Nombre del de productor, editor, distribuidor, fabricante Universidad Católica Andrés Bello;
Fecha de producción, publicación, distribución, fabricación o copyright 2009.
300 ## - DESCRIPCIÓN FÍSICA
Extensión 255 páginas.
336 ## - TIPO DE CONTENIDO
Término de tipo de contenido texto
Código de tipo de contenido txt
Fuente rdacontenido
337 ## - TIPO DE MEDIO
Nombre/término del tipo de medio no mediado
Código del tipo de medio n
Fuente rdamedio
338 ## - TIPO DE SOPORTE
Nombre/término del tipo de soporte volumen
Código del tipo de soporte nc
Fuente rdasoporte
505 0# - NOTA DE CONTENIDO CON FORMATO
Nota de contenido con formato Las garantías expropiatorias esenciales e imprescindibles del derecho fundamental de propiedad en Venezuela y en derecho comparado /<br/>El derecho fundamental a la propiedad y las consecuencias de su función social /<br/>Las garantías expropiatorias y su incumplimiento: La vía de hecho. Relación con otras figuras jurídicas /<br/>La expropiación como garantía del derecho fundamental de propiedad en la historia constitucional de Venezuela (1811-2002) /<br/>Garantías expropiatorias esenciales e imprescindibles del derecho fundamental a la propiedad /<br/>Mención y análisis jurídico de los casos de apropiación forzosa de la propiedad privada por acciones públicas en el periodo 2005-2009 /<br/>Casos de apropiación de las tierras privadas por desconocimiento de la condición de propietarios de los particulares por la administración pública /<br/>Casos de apropiaciones forzosas de empresas o industrias de propiedad privada mediante la invocación de la potestad expropiatoria /<br/>Casas de "expropiaciones indirectas"o de medidas administrativas que surten efectos equivalentes a la apropiación forzosa de la propiedad privada /<br/>Valoración del respeto a las garantías expropiatorias en las medidas públicas contra la propiedad privada ocurrida en Venezuela Durante los últimos años /<br/><br/>
942 #1 - ELEMENTOS DE ENTRADA AGREGADA (KOHA)
Fuente del sistema de clasificación o colocación Library of Congress Classification
Ocultar en OPAC No
Tipo de ítem Koha Libros
Existencias
Estado de retiro Estado de pérdida Fuente del sistema de clasificación o colocación Estado dañado No para préstamo Código de colección Localización permanente Ubicación/localización actual Ubicación en estantería Fecha de adquisición Volumen Total de préstamos Código de barras Fecha visto por última vez Precio válido a partir de Tipo de ítem Koha
    Library of Congress Classification     Colección general Biblioteca Universidad Monteávila Biblioteca Universidad Monteávila Colección general 08/04/2026 71008   2026-0465 08/04/2026 08/04/2026 Libros

Copyright @ UMA Library
Universidad Monteávila Caracas, Venezuela

Edif. Sede principal Universidad Monteávila. Av. El Buen Pastor. Boleíta Norte. Caracas. 
Customized by Universidad Monteávila

Con tecnología Koha